000 01681nam0a2200397 4500
001 RU\NLR\bibl\395189
005 20260405103800.0
010 _a5-94692-188-6
_95000
021 _aRU
_b2003-13744
_9637
035 _a(NLR Aleph) 000389440
090 _a506213
_c506213
100 _a20030428d2003 |||y0rusy50 ca
101 0 _arus
_aeng
102 _aRU
105 _ay |||||||||
200 1 _aАнгло-русский юридический словарь
_eправо и экономика
_e23000 слов. ст.
_eюрид. терминология по всем отраслям права
_fА. Г. Пивовар, В. И. Осипов
210 _aМ.
_cЭкзамен
_d2003
215 _a863 с.
_d22
225 1 _aEnglish
300 _aНа обл. авт. не указаны
320 _aБиблиогр.: с. 862-863
606 0 _aАнглийский язык
_xТерминология правовая
_xСловари
_xРусский язык
_9970867
_3RU\NLR\auth\6645291
606 0 _aПраво
_jТерминологические словари
_9894779
_3RU\NLR\auth\664055
606 0 _aЭкономика
_jТерминологические словари
_91414491
_3RU\NLR\auth\66284709
686 _aШ143.21-434.1
686 _aШ141.12-434.2
686 _aХ.я212
686 _aУ.я212
700 1 _aПивовар
_bА. Г.
_gАркадий Герцевич
_4070
701 1 _4070
_7ca
_8rus
_aОсипов
_bВ. И.
_cюрист
_gВалерий Иванович
_922355
_3RU\NLR\AUTH\7739371
801 0 _aRU
_bNLR
_c20030428
_gPSBO
801 1 _aRU
_bNLR
_c20030428
942 _cBOOK
980 _aNB